| 000 | 00529nam a22001217a 4500 | ||
|---|---|---|---|
| 040 | _cVONG PHANNITH ,RUA | ||
| 082 | _aMGR CHO 2025 B707 Or.1 | ||
| 100 | _aCHOUB , VIREAK / ជួប វីរៈ | ||
| 245 | _aAssessment of pesticide application by farmer on rice, ការវាយតម្លៃនៃការប្រើប្រាស់ថ្នាំកសិកម្មរបស់កសិករលើដំណាំស្រូវ | ||
| 260 |
_aPHNOM PENH _bRUA _c2025 |
||
| 300 |
_ax, 66p. _bill. _c29cm. |
||
| 942 | _cNRM | ||
| 999 |
_c25850 _d25850 |
||